Science Quiz

Random Science or Math Quiz

Math Terms By Definition Quiz Stats

 Plays Quiz not verified by Sporcle

Also try: Brightest Stars
Challenge
Share
Tweet
Embed
Score 0/22 Timer 03:00
0 Plays Today
Definition % Correct
A quadrilateral with four congruent sides and four congruent anglessquare
92.9%
A triangle with one 90 degree angleright
85.8%
A polygon with 8 sidesoctagon
83.5%
A quadrilateral with four congruent anglesrectangle
82.5%
A chord that passes through the center of a circlediameter
82.1%
Segment from the center of a circle to the edgeradius
81.6%
A triangle with one angle larger than 90 degreesobtuse
81.6%
A polygon with 6 sideshexagon
81.6%
A polygon with 5 sidespentagon
79.2%
Distance around a circlecircumference
78.8%
A triangle with all angles less than 90acute
78.3%
Definition % Correct
Distance around a polygonperimeter
76.4%
A triangle where all sides are congruentequilateral
76.4%
A triangle with no sides congruentscalene
70.8%
A quadrilateral with four congruent sidesrhombus
67.5%
A triangle with atleast two congruent sidesisosceles
66.5%
A quadrilateral with exaclty one pair of parallel sidestrapezoid
57.1%
A set of points equidistant from one point in a planecircle
50.5%
A relation where every element in the domain is assigned to exactly one element in the rangefunction
45.3%
Polygons with corresponding sides and angles that have the same measurecongruent
42.9%
Polygons whose sides have a common ratio and corresponding angles are congruentsimilar
41.5%
An angle in the interior of a circle whose vertex lies on the circleinscribed
20.8%

You're not logged in!

Compare scores with friends on all Sporcle quizzes.
OR
Log In

You Might Also Like...

Show Comments

Extras

Created May 4, 2010ReportNominate
Tags:Definition Quiz, Math Quiz, term

Top Quizzes Today


Score Distribution

Your Account Isn't Verified!

In order to create a playlist on Sporcle, you need to verify the email address you used during registration. Go to your Sporcle Settings to finish the process.

Report this User

Report this user for behavior that violates our Community Guidelines.

Details: